[Event "Sao Paulo IRT op 3rd"]
[Site "Sao Paulo"]
[Date "2013.09.08"]
[Round "6"]
[White "Lobo, Marcelo de Souza"]
[Black "Nunes, Marcela Andreia Dia"]
[Result "0-1"]
[WhiteElo "1741"]
[BlackElo "1424"]
[PlyCount "98"]
[EventDate "2013.09.06"]
[EventType "swiss"]
[EventRounds "6"]
[EventCountry "BRA"]
[SourceTitle "CBM 156 Extra"]
[Source "ChessBase"]
[SourceDate "2013.10.22"]
[SourceVersion "1"]
[SourceVersionDate "2013.10.22"]
[SourceQuality "1"]

1. e4 c5 2. c3 g6 3. Nf3 Bg7 4. Bc4 e6 5. d4 cxd4 6. cxd4 d5 7. Bb5+ Bd7 8. Bxd7+ Qxd7 9. e5 Ne7 10. 0-0 0-0 11. Be3 Nbc6 12. Nh4 b5 13. Nc3 b4 14. Na4 Rab8 15. Nc5 Qd8 16. Qd2 a5 17. Rac1 Re8 18. Rfd1 Nf5 19. Nxf5 gxf5 20. Bh6 Qh4 21. Bxg7 Kxg7 22. Nd7 Rbc8 23. Nf6 Rf8 24. Qe3 Ne7 25. Rd3 Ng8 26. Nd7 Qe4 27. Qg5+ Kh8 28. Nc5 Qg4 29. Qxg4 fxg4 30. Rg3 Nh6 31. h3 Rg8 32. hxg4 Rxg4 33. Rxg4 Nxg4 34. f3 Ne3 35. Kf2 Nf5 36. Rd1 Nxd4 37. Rxd4 Rxc5 38. Rd2 Kg7 39. Ke3 Kg6 40. g3 h5 41. Kd3 Kf5 42. Re2 Rc4 43. Re1 a4 44. Rh1 Kxe5 45. Rxh5+ Kf6 46. Rh2 Rc1 47. Rh8 a3 48. bxa3 Rc3+ 49. Kd2 Rxa3 0-1

[Event "Sao Bernardo do Campo op"]
[Site "Sao Bernardo do Campo"]
[Date "2012.10.16"]
[Round "5"]
[White "Vicentin, Marcos Tadeu"]
[Black "Lobo, Marcelo de Souza"]
[Result "1/2-1/2"]
[WhiteElo "1847"]
[BlackElo "1795"]
[PlyCount "59"]
[EventDate "2012.09.14"]
[EventType "swiss"]
[EventRounds "6"]
[EventCountry "BRA"]
[SourceTitle "CBM 150 Extra"]
[Source "ChessBase"]
[SourceDate "2012.10.19"]
[SourceVersion "1"]
[SourceVersionDate "2012.10.19"]
[SourceQuality "1"]

1. Nf3 d5 2. c4 c6 3. e3 e6 4. d4 Nf6 5. Bd3 dxc4 6. Bxc4 Nbd7 7. 0-0 Bd6 8. Nc3 0-0 9. e4 e5 10. Re1 exd4 11. Nxd4 h6 12. Ne6 Bxh2+ 13. Kxh2 fxe6 14. Bxe6+ Kh8 15. Be3 Ne5 16. Bxc8 Rxc8 17. Qxd8 Rcxd8 18. Kg1 b6 19. f3 Nc4 20. e5 Nxe5 21. Rad1 Nc4 22. Bc1 Rxd1 23. Rxd1 Re8 24. Kf2 Re7 25. b3 Ne5 26. Bf4 Nh5 27. Bh2 Nf6 28. Rd6 Kh7 29. Bxe5 Rxe5 30. Rxc6 1/2-1/2